000 01304nam a22002657a 4500
999 _c64631
_d64631
005 20251125233106.0
008 s2553 th ||||| |||| 00| 0 tha d
020 _a9786165080576
040 _aNALT
050 _aDS571 อ785ป 2553
100 0 _aอุดม เชยกีวงศ์
245 1 0 _aประวัติศาสตร์ชาติไทย
260 3 _aกรุงเทพฯ :
_bแสงดาว,
_c2553
300 _a360 หน้า :
_b ภาพประกอบ ;
_c 21 ซม.
650 0 4 _aไทย -- ประวัติศาสตร์ -- กรุงธนบุรี
650 0 4 _aไทย -- ประวัติศาสตร์ -- กรุงสุโขทัย
650 0 4 _aไทย -- ประวัติศาสตร์ -- กรุงศรีอยุธยา
650 0 4 _aไทย -- ประวัติศาสตร์ -- กรุงรัตนโกสินทร์, 2516--
650 0 4 _aไทย -- โบราณสถาน
650 0 4 _aไทย -- ประวัติศาสตร์ -- รวมเรื่อง
850 _aNALT
856 4 0 _uhttps://hdl.handle.net/20.500.14156/411748
_71
942 _cGB
_2lcc